000
00292nam a2200121Ia 4500
008
190216s9999||||xx |||||||||||||| ||und||
100
_a
Piskumow
245
0
_a
Differential And Integral Calculus-Volume :2
260
_b
Mir Publishers
300
_a
576
650
_a
Mathematics
942
_c
BK
999
_c
31365
_d
31365